New non-staining antioxidants for latex rubber applications (Record no. 63862)

MARC details
000 -LEADER
fixed length control field 00481nam a2200133Ia 4500
100 ## - MAIN ENTRY--AUTHOR NAME
Personal name Stuck B L
245 #0 - TITLE STATEMENT
Title New non-staining antioxidants for latex rubber applications
260 ## - PUBLICATION, DISTRIBUTION, ETC. (IMPRINT)
Name of publisher International Rubber Conference 1997. Rubber Science and Technology: Improving Quality of Life, Kuala Lumpur, Malaysia 6-9 Oct 1997; p91-99
650 ## - SUBJECT ADDED ENTRY--TOPICAL TERM
Topical Term Non-staining antioxidants
700 ## - ADDED ENTRY--PERSONAL NAME
Personal name Dipaola S J
700 ## - ADDED ENTRY--PERSONAL NAME
Personal name Murat J-C
942 ## - ADDED ENTRY ELEMENTS (KOHA)
Koha item type Journals
Holdings
Withdrawn status Lost status Damaged status Not for loan Home library Current library Shelving location Date acquired Koha item type
      Journals RRII Library RRII Library Rubber chemistry 17/12/2021 Journals